Reflexiones sobre la interrupción de la prescripción prevista en la moratoria y el blanqueo de la ley 26476 (Registro nro. 20407)
[ vista simple ]
| 000 -LEADER | |
|---|---|
| fixed length control field | 00415 a2200121 4500 |
| 001 - CONTROL NUMBER | |
| control field | ART_53064 |
| 005 - DATE AND TIME OF LATEST TRANSACTION | |
| control field | 20260410161759.0 |
| 008 - FIXED-LENGTH DATA ELEMENTS--GENERAL INFORMATION | |
| fixed length control field | 260409a |
| 100 1# - MAIN ENTRY--PERSONAL NAME | |
| Personal name | Kaplan, Hugo E. |
| 245 10 - TITLE STATEMENT | |
| Title | Reflexiones sobre la interrupción de la prescripción prevista en la moratoria y el blanqueo de la ley 26476 |
| 700 1# - ADDED ENTRY--PERSONAL NAME | |
| Personal name | Volman, Mario |
| 773 0# - HOST ITEM ENTRY | |
| Title | Doctrina tributaria |
| Related parts | - Nº 350 (may. 2009) |
| Record control number | REV4296 |
No hay ítems disponibles.